| 000 | 00828nam a22001937a 4500 | ||
|---|---|---|---|
| 003 | 0 | ||
| 005 | 20250203140346.0 | ||
| 008 | 250203b xxu||||| |||| 00| 0 eng d | ||
| 050 |
_aHF 6146.I58 _b.Sa26 2023 |
||
| 100 | _aSantos, Joshua Inaki M. | ||
| 245 |
_aThe influence of youtube advertising in the purchasing decision of millennials and generation z in barangay bagong pook, pila, laguna. _cJoshua Inaki M. Santos |
||
| 260 |
_aLas Pinas City _bSouthville International School and Colleges _c2023 |
||
| 300 |
_aix, 122 pages; _c28cm |
||
| 500 | _aBachelor of Science in Business Administration Major in Marketing Management. | ||
| 504 | _aIncludes bibliographical references and appendices | ||
| 650 | _aYouTube advertising – Consumer behavior | ||
| 650 | _aInternet advertising – Buying habits | ||
| 942 |
_2lcc _cTH |
||
| 999 |
_c367101 _d367101 |
||